000
00292nam a22001337a 4500
008
181015b xxu||||| |||| 00| 0 eng d
020
_a
0669067520
041
_a
eng
080
_2
8 ed
_a
370
100
_a
49
101
_a
EDU
245
_a
Teachung Tips
_c
Keachine.W.J.M
942
_2
udc
_c
BK
999
_c
49641
_d
49641